Statistics for Governors of Arizona

Click here to take the quiz!

General Stats

  • This quiz has been taken 3 times
  • The average score is 2 of 28

Answer Stats

TermAnswer% Correct
2015-2023Doug Ducey
67%
2003-2009Janet Napolitano
33%
2023-Katie Hobbs
33%
1939-1941Robert Taylor Jones
33%
1919-1923Thomas Edward Campbell
33%
1917Thomas Edward Campbell
33%
1933-1937Benjamin Baker Moeur
0%
1978-1987Bruce Babbitt
0%
1948-1951Dan Edward Garvey
0%
1955-1959Ernest McFarland
0%
1987-1988Evan Mecham
0%
1991-1997Fife Symington
0%
1912-1917George W. P. Hunt
0%
1931-1933George W. P. Hunt
0%
1923-1929George W. P. Hunt
0%
1917-1919George W. P. Hunt
0%
1967-1975Jack Williams
0%
2009-2015Jan Brewer
0%
1997-2003Jane Dee Hull
0%
1929-1931John Calhoun Philipps
0%
1951-1955John Howard Pyle
0%
1959-1965Paul Fannin
0%
1975-1977Raúl Héctor Castro
0%
1937-1939Rawghlie Clement Stanford
0%
1988-1991Rose Mofford
0%
1965-1967Samuel Pearson Goddard Jr.
0%
1941-1948Sidney Preston Osborn
0%
1977-1978Wesley Bolin
0%

Score Distribution

Percentile by Number Answered

Percent of People with Each Score

Your Score History

You have not taken this quiz